El pensamiento organizativo: Del Taylorismo a la teoría de la organización (Registro nro. 2274)
[ vista simple ]
| 000 -LEADER | |
|---|---|
| fixed length control field | 01854 a2200205 4500 |
| 001 - CONTROL NUMBER | |
| control field | 32413 |
| 005 - DATE AND TIME OF LATEST TRANSACTION | |
| control field | 20260407155622.0 |
| 008 - FIXED-LENGTH DATA ELEMENTS--GENERAL INFORMATION | |
| fixed length control field | 260407a1975 arg spa d |
| 003 - CONTROL NUMBER IDENTIFIER | |
| control field | AR-UNSa-BCEJYS |
| 040 ## - CATALOGING SOURCE | |
| Original cataloging agency | AR-UNSa-BCEJYS |
| Language of cataloging | spa |
| Transcribing agency | AR-UNSa-BCEJYS |
| 080 ## - UNIVERSAL DECIMAL CLASSIFICATION NUMBER | |
| Universal Decimal Classification number | 658 |
| Common auxiliary subdivision | Administración de empresas. Organización comercial |
| 100 1# - MAIN ENTRY--PERSONAL NAME | |
| Personal name | Kliksberg, Bernardo |
| 245 10 - TITLE STATEMENT | |
| Title | El pensamiento organizativo: Del Taylorismo a la teoría de la organización |
| Name of part/section of a work | la administración cientifica en discusión |
| 250 ## - EDITION STATEMENT | |
| Edition statement | 3a. ed |
| 264 #1 - PRODUCTION, PUBLICATION, DISTRIBUTION, MANUFACTURE, AND COPYRIGHT NOTICE | |
| Place of production, publication, distribution, manufacture | Buenos Aires : |
| Name of producer, publisher, distributor, manufacturer | Paidós |
| Date of production, publication, distribution, manufacture, or copyright notice | 1975 |
| 300 ## - PHYSICAL DESCRIPTION | |
| Extent | 360 p. |
| Dimensions | 23 cm. |
| 505 ## - FORMATTED CONTENTS NOTE | |
| Formatted contents note | 1. En busca de una definición de administración - 2. El camino histórico - 3. ¿ Que es organización? - 4. Administración: ¿Ciencia, arte o técnica? - 5. El problema del método científico en administración - 6. Primeras observaciones sobre la bibliografía en administración - 7. Algunos intentos de clasificación de escuelas - 8. Propuesta de un criterio clasificatorio - 9. ¿ Que se entiende por escuela tradicional en administración? - 10. Acerca de la ahistoricidad de la escuela tradicional - 11. El marco de condiciones históricas - 12.La gran concentración económica - 13. El advenimiento de la escuela tradicional - 14. Un agregado al marco de condiciones históricas - 15. Introducción al Taylorismo: I. Premisas.Técnicas.Continuadores. Trayecto Histórico - 16. Introducción al taylorismo: II. La polemica cienttífica - 17. Introducción al fayolismo: I. Hipòtesis. Proposiciones técnicas. La discusión con el taylorismo - 18. Introducción al fayolismo: II.Análisis crítico - 19. Los neoclásicos: II. Especialización. Unidad de mando. Linea.Staff.Autoridad. Responsabilidad - Los neclásicos: III.Ámbito de control. Economía de niveles.Conclusiones. |
| 590 ## - LOCAL NOTE (RLIN) | |
| Local note | niveau_biblio:m niveau_hierar:0 |
| 942 ## - ADDED ENTRY ELEMENTS (KOHA) | |
| Koha item type | |
| Withdrawn status | Lost status | Damaged status | Not for loan | Home library | Current library | Shelving location | Date acquired | Total checkouts | Full call number | Barcode | Date last seen | Price effective from | Koha item type |
|---|---|---|---|---|---|---|---|---|---|---|---|---|---|
| Biblioteca Prof. Eusebio Cleto del Rey | Biblioteca Prof. Eusebio Cleto del Rey | 07/04/2026 | 658 K65p 3ed. | L25071 | 07/04/2026 | 07/04/2026 | Libro |